000
00273nam a22001337a 4500
020
_a
0-7214-0470-7
082
_a
823
100
_a
HUNIA, FRAN
245
_a
THREE LITTLE PIGS
260
_a
UK
_b
LADY BIRD
300
_a
51
650
_a
ENGLISH SHORT STORY
_z
UK
942
_c
BK
999
_c
2627
_d
2627